00478nam a2200133 450000500170000000800410001702200140005804000080007224500900008026000510017030000140022131000160023527000930025120150121145708.0150121b xxu||||| |||| 00| 0 eng d a2229-3337 adpl aJournal of Sukrtindra Oriental Research Institute /cedited by V. Nithyanantha Bhatt aKeralabSukrtindra Oriental Research Institute av.c22 cm aHalf Yearly aKuthapady,Thammanam, Kochi,bKeraladIndiae682032k0484-2349563msukritindra@igmail.com